Uma bela canção (Registo nº 3469)

Detalhes MARC
000 -Etiqueta do registo
Cabeçalho 00728nam a22002531 4500
005 - Identificador da versão
Campo de controlo 20240813122003.0
100 ## - Dados gerais de processamento
Dados gerais de processamento 19990311d1977 cd y0pory5003 ba
102 ## - Pais de publicação ou produção
País de publicação Portugal
101 1# - Língua de publicação
Língua do texto, banda sonora, etc. Português
Língua do documento no original Francês
106 ## - Campo de dados codificados: material textual
Dados codificados do material textual r
105 ## - Campo de dados codificados: livros
Dados codificados dos livros a z 000fy
215 ## - Descrição física 
Indicação específica da natureza do documento e extensão da espécie [16] p.
Outras indicações físicas muito il.
Dimensões 19 cm
200 1# - Titulo e menção de responsabilidade
Título próprio Uma bela canção
Primeira menção de responsabilidade Cécile Allegre
Outras menções de responsabilidade il. Christian Lai Cong Phuoc
225 2# - Colecção 
Título próprio da colecção Dominó
Indicação de volume 4
210 ## - Publicação, Distribuição, etc. 
Lugar da edição, distribuição, etc. Lisboa
Nome do editor, distribuidor, etc. Difusão Verbo
Data da publicação, distribuição, etc. cop. 1977
606 ## - Nome comum usado como assunto
Número de registo de entrada de autoridade 0000001
Palavra de ordem Literatura estrangeira infantil
Subdivisão de assunto Conto
675 ## - Classificação Decimal Universal (CDU)
Notação 82-34
Edição
Língua da edição por
702 #1 - Nome de autor-pessoa física (responsabilidade secundária)
Número de registo de entrada de autoridade 0002794
Palavra de ordem Phuoc
Outra parte do nome não tomada para palavra de ordem Christian Lai Cong
Código de função Ilustrador / Técnico de desenho computorizado
700 #1 - Nome de autor-pessoa física (responsabilidade principal)
Número de registo de entrada de autoridade 0000557
Palavra de ordem Allegre
Outra parte do nome não tomada para palavra de ordem Cécile
942 ## - Elementos de entrada adicionados (Koha)
Tipo de item no Koha Livro
Exemplares
Situação do levantamento Origin of item (home branch) (coded) Biblioteca de empréstimo Código de barras Cota Circulation type (not for loan) Tipo de documento Nota do exemplar Damaged status
  Biblioteca Escolar da Coca Maravilhas Biblioteca Escolar da Coca Maravilhas BECM4498/99 8EST ALL   Livro Sem mensagem